000
002700000a22000970004500
100
1
_a
Giles, Jaime E.
245
1
0
_a
Conceptos teológicos y éticos en el libro de Jeremías
300
_a
Num. 19 (Abril, 1982), Páginas 29-41
773
0
_t
Diálogo teológico
942
_c
ANA
999
_c
53317
_d
53317